000 00595nam a22001937a 4500
003 LK-CoMWRAF
005 20230910212054.0
008 230910b2020 |||||||| |||| 00| 0 eng d
020 _a9789556250534
040 _aLK-CoMWRAF
_dLK-CoMWRAF
_eLK-CoMWRAF
041 _aeng
082 _a303.66
_bHUS
245 _aKeeping the peace :
_b writings and reflections on peace-building in Sri Lanka
260 _aColombo :
_bMuslim Women's Research and Action Forum,
_c2020
300 _a102 p. ; Ad-Bc : 21 cm
650 _a Peace building-Sri Lanka
700 _aHussein, Asiff
_eed.
942 _cBK
999 _c3535
_d3535